000 00383pab a2200145 454500
008 180718b1997 xxu||||| |||| 00| 0 eng d
100 _aKaladhar, K.
245 _aRural financial institutions: mixing apples with oranges
260 _c1997
300 _ap.1503
362 _a21 Jun
650 _aFinancial institutions
773 _aEconomic and Political Weekly
909 _a34730
999 _c34730
_d34730